[Event "2nd Silman TNM: 2000+"]
[Site "San Francisco"]
[Date "2025.05.06"]
[Round "1.1"]
[White "Srinivasan, Sivavishnu"]
[Black "Heimann, Mark"]
[Result "0-1"]
[Annotator "Winslow,Elliott"]
[WhiteElo "2068"]
[BlackElo "2597"]
[PlyCount "100"]
[Beauty "7014755339295"]
[GameId "2174807888506926"]
[EventDate "2025.??.??"]

{[%evp 0,58,15,20,28,21,32,37,38,38,37,42,35,35,23,6,4,7,0,-9,-1,9,10,-3,6,-29,-29,-25,-37,-115,-183,-164,-158,-157,-158,-153,-196,-193,-182,-223,-150,-78,-190,-199,-153,-144,-157,-254,-190,-199,-177,-184,-435,-146,-373,-203,-228,-228,-217,-208,-208]} 1. e4 {[%emt 0:00:03]} g6 {[%emt 0:00:08]} 2. d4 {[%emt 0:00:07]} Bg7 {[%emt 0:00:05]} 3. Nc3 {[%emt 0:00:07]} d6 {[%emt 0:00:06]} 4. Nf3 {[%emt 0:00:07]} a6 {[%emt 0:00:28]} 5. Be3 {[%emt 0:00:09]} b5 {[%emt 0:00:22] We used to call this "The Rat" fifty years ago.} 6. Bd3 {[%emt 0:00:56]} Bb7 {[%emt 0:00:22] [#]} 7. Qd2 {[%emt 0:00:58] "7.a4 is the modern continuation" is the current comment by the "Novelty Annotation" function in ChessBase (AI!), with the following game reference. Note this was the "Bullet Chess Loser" tournament, so now we're getting 1-minute game "evidence"...} (7. a4 b4 8. Nb1 Nd7 9. Nbd2 c5 10. c3 Ngf6 11. h3 O-O 12. a5 e6 13. O-O Rc8 14. Qe2 d5 15. e5 c4 16. Bc2 Ne8 17. cxb4 Bc6 18. Nb1 Nc7 19. Bd2 Nb5 20. Nc3 Rb8 21. Nxb5 Bxb5 22. Bc3 Qe7 23. Qd2 Rbc8 24. Rfe1 Nb8 25. Re2 Nc6 26. Ba4 Rb8 27. Ne1 Bxa4 28. Rxa4 Rb7 29. Nc2 Rfb8 30. g3 Bf8 31. Kg2 Qd7 32. Ra1 Nxb4 33. Nxb4 Bxb4 34. h4 Qe7 35. h5 g5 36. h6 Kh8 37. Rh1 Rg8 38. Rh5 Rb5 39. Re3 Bxc3 40. bxc3 Rxa5 41. Rf3 Rg6 42. Rf6 Rxf6 43. exf6 Qxf6 44. Rxg5 Rb5 45. Rg7 Rb8 46. g4 Rg8 47. Rxg8+ Kxg8 48. Qe3 a5 49. g5 Qd8 50. Qe5 Qf8 51. Qc7 a4 52. Qa7 a3 53. f4 f6 54. Kg3 fxg5 55. fxg5 Kh8 56. Kg2 Qg8 $4 (56... Qg8 $11) (56... a2 57. Qxa2 Qg8 $11) 57. Qe7 {1-0 Giri,A (2745)-Caruana,F (2805) Bullet Chess Losers, Chess.com INT 11.06.2024}) ({Meanwhile, in standard computer fashion,} 7. h4 $5 {(probably Kamran Shirazi was playing this decades ago), is Stockfish(17.1)'s preference (competing with just 0-0'ing). Practice has been rough for White, probably because Black mostly greatly outrates White.}) 7... Nd7 {[%emt 0:00:16]} 8. a4 {[%emt 0:02:33]} b4 {[%emt 0:00:54]} 9. Ne2 {[%emt 0:00:33]} a5 {[%emt 0:01:14]} 10. Ng3 {[%emt 0:01:49]} (10. Rd1 $5) 10... h5 {[%emt 0:08:33]} 11. h4 {[%emt 0:03:03]} Nh6 {[%emt 0:00:57] [#]} 12. Ng5 $6 {[%emt 0:04:53]} (12. Nh2 $1 $14) 12... Ng4 $17 {[%emt 0:00:43] [#]} 13. c3 $146 {[%emt 0:17:23]} (13. e5 dxe5 14. Bxg6 fxg6 15. Ne6 Qc8 16. d5 Nxe3 17. fxe3 Bf6 18. O-O Nf8 19. Qd3 Ba6 20. Qe4 Bxf1 21. Rxf1 Kf7 22. Qxe5 Nxe6 23. Ne4 Ng7 24. Rxf6+ exf6 25. Qxf6+ Kg8 26. Qxg6 Qf5 {0-1 (26) Roinos,I (2206)-Sethuraman,S (2625) Achaia 2017}) (13. O-O O-O 14. c3) (13. Bc4 d5 14. Ba2) 13... c5 {[%emt 0:05:20]} 14. dxc5 {[%emt 0:04:49]} bxc3 {[%emt 0:00:40]} 15. bxc3 {[%emt 0:00:09]} Nxe3 {[%emt 0:00:29]} 16. fxe3 {[%emt 0:03:53]} Nxc5 {[%emt 0:01:49]} 17. Bb5+ {[%emt 0:02:45]} Nd7 {[%emt 0:00:11]} 18. O-O {[%emt 0:13:18]} O-O {[%emt 0:00:12]} 19. Ne2 {[%emt 0:04:58]} Ne5 {[%emt 0:01:00]} 20. Nd4 {[%emt 0:01:23]} Qc7 {[%emt 0:02:03]} 21. Rac1 {[%emt 0:02:03]} Bc8 {[%emt 0:04:52]} 22. c4 {[%emt 0:02:09]} Ng4 {[%emt 0:01:22]} 23. Nc6 {[%emt 0:08:16]} Bb7 {[%emt 0:01:44]} 24. Nd4 {[%emt 0:08:40]} d5 {[%emt 0:00:46]} 25. e5 {[%emt 0:01:21]} Qxe5 {[%emt 0:02:01]} 26. Ngf3 {[%emt 0:00:22]} Qxe3+ {[%emt 0:03:47]} 27. Qxe3 {[%emt 0:00:02]} Nxe3 {[%emt 0:00:04]} 28. Rfe1 {[%emt 0:00:06]} Nxc4 {[%emt 0:00:16]} 29. Rxe7 {[%emt 0:03:51]} Ba6 {[%emt 0:00:17]} 30. Bc6 {[%emt 0:00:38]} Rad8 {[%emt 0:00:45]} 31. Ra7 {[%emt 0:00:17]} Bc8 {[%emt 0:00:16]} 32. Bxd5 {[%emt 0:01:46]} Nb6 {[%emt 0:16:42]} 33. Nc6 {[%emt 0:00:20]} Nxd5 {[%emt 0:00:40]} 34. Nxd8 {[%emt 0:00:07]} Rxd8 {[%emt 0:00:04]} 35. Ra8 {[%emt 0:03:27]} Ne7 {[%emt 0:00:07]} 36. Rc7 {[%emt 0:00:31]} Bf6 {[%emt 0:00:40]} 37. Rxa5 {[%emt 0:00:26]} Bg4 {[%emt 0:01:08]} 38. Rb5 {[%emt 0:04:38]} Bxf3 {[%emt 0:02:14]} 39. gxf3 {[%emt 0:00:01]} Nf5 {[%emt 0:00:46]} 40. a5 {[%emt 0:00:59]} Rd1+ {[%emt 0:00:20]} 41. Kf2 {[%emt 0:01:35]} Rd2+ {[%emt 0:01:02]} 42. Ke1 {[%emt 0:00:10]} Ra2 {[%emt 0:00:04]} 43. Rc6 {[%emt 0:00:24]} Bxh4+ {[%emt 0:00:19]} 44. Kd1 {[%emt 0:00:03]} Nd4 {[%emt 0:01:27]} 45. Rb8+ {[%emt 0:00:18]} Kg7 {[%emt 0:00:10]} 46. Rc4 {[%emt 0:00:07]} Bf2 {[%emt 0:01:03]} 47. Rd8 {[%emt 0:02:27]} Ra1+ {[%emt 0:01:27]} 48. Kd2 {[%emt 0:00:01]} Be1+ {[%emt 0:00:16]} 49. Ke3 {[%emt 0:00:44]} Nf5+ {[%emt 0:00:12]} 50. Ke2 {[%emt 0:00:10]} Ng3+ {[%emt 0:00:50]} 0-1

[Event "2nd Silman TNM: 2000+"]
[Site "San Francisco"]
[Date "2025.05.06"]
[Round "1.2"]
[White "Cremisi, Daniel"]
[Black "Seshadri, Sudarshan"]
[Result "1/2-1/2"]
[Annotator "Winslow,Elliott"]
[WhiteElo "2380"]
[BlackElo "2022"]
[PlyCount "116"]
[Beauty "5158410972711"]
[GameId "2174807913603148"]
[EventDate "2025.??.??"]

1. d4 {[%emt 0:00:01]} d5 {[%emt 0:00:07]} 2. c4 {[%emt 0:00:03]} c6 {[%emt 0:01:49]} 3. Nc3 {[%emt 0:00:01]} Nf6 {[%emt 0:00:09]} 4. e3 {[%emt 0:00:02]} a6 {[%emt 0:01:42]} 5. Qc2 {[%emt 0:00:43]} e6 {[%emt 0:00:45]} 6. b3 {[%emt 0:01:09]} c5 {[%emt 0:00:45]} 7. dxc5 {[%emt 0:02:08]} Bxc5 {[%emt 0:00:22]} 8. Bb2 {[%emt 0:04:12]} dxc4 {[%emt 0:02:15]} 9. Bxc4 {[%emt 0:00:36] [#] This looks like the Spassky Variation, or "Let's play tennis" of the Queens' Gambit -- but one must pay attention even with "boring" symmetry.} O-O $146 {[%emt 0:02:54]} (9... b5 $5 10. Bd3 Nbd7 $11) 10. Nf3 {[%emt 0:01:29]} b5 {[%emt 0:02:03]} 11. Bd3 {[%emt 0:02:50]} Qe7 $2 {[%emt 0:04:10]} (11... Bb7) 12. a4 $6 {[%emt 0:03:30]} (12. Ne4 $1 $16) 12... Bb4 $2 {[%emt 0:12:28]} (12... bxa4 $1 $14 13. Rxa4 Nbd7) 13. axb5 $16 {[%emt 0:02:24]} Bb7 {[%emt 0:00:34]} 14. bxa6 {[%emt 0:01:07]} (14. O-O $1) 14... Rxa6 $5 {[%emt 0:04:44]} 15. Bxa6 {[%emt 0:03:57]} (15. O-O $5) 15... Bxa6 {[%emt 0:00:05]} 16. Nd2 {[%emt 0:04:42]} (16. Rxa6 $1 Nxa6 17. O-O) 16... Qc5 $14 {[%emt 0:01:58]} 17. Nc4 $6 {[%emt 0:01:01]} (17. Rxa6 $1 Nxa6 18. O-O $14) 17... Bxc4 {[%emt 0:00:25]} 18. bxc4 {[%emt 0:00:07]} Qxc4 {[%emt 0:00:10]} 19. O-O-O $11 {[%emt 0:04:43]} (19. Rc1 $142 {[%cal Gc2e2]}) 19... Rc8 {[%emt 0:04:41]} (19... Qa6 $11) 20. Rd4 {[%emt 0:10:08]} Qc5 $8 {[%emt 0:00:15]} 21. Rhd1 {[%emt 0:03:54]} (21. Kb1 $1 Nc6 $1) 21... Nd5 {[%emt 0:15:39] [#]} (21... Nc6) 22. Rxd5 {[%emt 0:10:33]} exd5 {[%emt 0:00:08]} 23. Rxd5 $11 {[%emt 0:02:27]} Qc7 {[%emt 0:01:19]} 24. Rd3 $2 {[%emt 0:01:46] It's hard to say what goes wrong now, but White, extra pawn and all, gets a lost position in a couple moves.} (24. Kb1 $11) (24. Rd4 $11) (24. Kd1 Qc4 $1 25. Qd3 Qb3+ 26. Qc2 $11) 24... Nd7 $5 $17 {[%emt 0:06:18]} (24... Qxh2 $1 $17) 25. Kb1 $2 {[%emt 0:02:59]} (25. Kd1 $1 Ba5 $1 26. Rd2 $1 Nf6 $1 27. Qd3 h5 $15) 25... Ne5 $1 $19 {[%emt 0:13:30]} (25... Qb8 $1 $19) 26. Rd4 {[%emt 0:01:17]} Ba5 $1 {[%emt 0:03:32]} 27. Qb3 $6 {[%emt 0:05:02]} Rb8 $1 {[%emt 0:02:32]} 28. Nb5 {[%emt 0:03:46]} (28. Nd5 Rxb3 29. Nxc7 Bxc7) 28... Qc6 $1 {[%emt 0:02:32]} 29. Rd5 {[%emt 0:01:29]} Nc4 $1 {[%emt 0:01:38] A long string of only moves, but now it's just won.} 30. Qd3 {[%emt 0:01:29]} Nxb2 {[%emt 0:01:36]} (30... h6 $1) 31. Kxb2 {[%emt 0:00:12]} g6 $6 {[%emt 0:01:45]} (31... Qf6+ $1 {[%cal Gf6f2]}) 32. e4 $6 {[%emt 0:01:48]} (32. Kb3 Qc1 $19 {[%cal Gc1e1]}) 32... Qf6+ {[%emt 0:01:05]} 33. Kb3 {[%emt 0:00:54]} Qxf2 {[%emt 0:00:53] [#] White's king continues to be an embarrassment.} 34. Qg3 {[%emt 0:01:03]} Qb6 {[%emt 0:01:58]} 35. Qe5 $6 {[%emt 0:02:05]} (35. Qf4) (35. Qd3) 35... Rc8 $6 {[%emt 0:01:20]} (35... Qe3+ $1 {Stockfish makes this over minus eight!}) 36. Qd4 {[%emt 0:01:24]} Qc6 {[%emt 0:01:30] Of course keeping the queens on the board is mandatory...} 37. Qd3 {[%emt 0:01:46]} Rb8 {[%emt 0:03:56]} 38. Qc4 {[%emt 0:01:07]} Qb6 {[%emt 0:01:15]} (38... Qe6 $1) 39. Rc5 {[%emt 0:00:22]} Qd8 {[%emt 0:01:31]} 40. Qd5 {[%emt 0:02:53]} Qe8 $6 {[%emt 0:01:04]} (40... Qf6 $1 41. Qc4 Kg7 {Black is *still* winning.}) 41. e5 $6 {[%emt 0:01:14]} (41. h4 $5) 41... Bb6 $1 {[%emt 0:01:01]} 42. Rc6 {[%emt 0:00:46] [#]} Bd4 $1 $19 {[%emt 0:01:25] Seshardi is not averse to finding some testing moves for Cremisi!} 43. e6 $5 {[%emt 0:00:43]} fxe6 {[%emt 0:00:10]} 44. Qc4 $1 {[%emt 0:00:53] (All the best try)} Bg7 {[%emt 0:01:01]} (44... Be5 $1) 45. Kc2 {[%emt 0:00:37] [#]} Kh8 $2 {[%emt 0:00:39]} (45... Qf8 $1 {is still a won game -- even with the pawn returned, Black's king is out in the open.}) 46. Nd6 $1 $11 {[%emt 0:01:43][%csl Gc8] Cremisi masterfully grabs the moment to head for a drawable pawn-down N+2 v B+3 ending with all the pawns on the same side.} Qf8 {[%emt 0:00:37]} 47. Rc8 $1 {[%emt 0:00:41]} Rxc8 {[%emt 0:00:04]} 48. Qxc8 $1 {[%emt 0:00:33]} Qxc8+ {[%emt 0:00:03]} 49. Nxc8 {[%emt 0:00:03]} Be5 {[%emt 0:00:21]} 50. h3 {[%emt 0:00:10]} Kg7 {[%emt 0:00:25]} 51. Kd3 {[%emt 0:00:33]} Kf6 {[%emt 0:00:35]} 52. Nb6 {[%emt 0:01:17]} (52. Ke4) (52. Ke3) ({even} 52. Na7) 52... Kf5 {[%emt 0:01:05]} 53. Ke3 {[%emt 0:01:09]} Bf4+ {[%emt 0:00:46]} 54. Kf3 {[%emt 0:00:06]} Bc7 {[%emt 0:00:33]} 55. Nc4 {[%emt 0:00:10]} h5 {[%emt 0:00:40]} 56. g4+ {[%emt 0:02:06]} hxg4+ {[%emt 0:00:04]} 57. hxg4+ {[%emt 0:00:02]} Kg5 {[%emt 0:00:29]} 58. Nd2 {[%emt 0:00:10]} Kf6 {[%emt 0:00:49] A close call for Cremisi -- that hanging king could have cost him.} 1/2-1/2

[Event "2nd Silman TNM: 2000+"]
[Site "San Francisco"]
[Date "2025.05.06"]
[Round "1.3"]
[White "Paragiri, Reyansh"]
[Black "Heiserman, Jimmy"]
[Result "0-1"]
[Annotator "Winslow,Elliott"]
[WhiteElo "2015"]
[BlackElo "2306"]
[PlyCount "146"]
[Beauty "5637413083162"]
[GameId "2174807928852572"]
[EventDate "2025.??.??"]

{[%evp 0,35,14,11,22,-24,24,21,8,-3,-10,-15,-17,-5,-2,1,0,-15,34,-27,-49,-46,92,-138,-101,4,-77,-78,-104,-128,-89,-128,-146,-193,-129,-119,-243,-143]} 1. e4 {[%emt 0:00:49]} e5 {[%emt 0:00:06]} 2. Nf3 {[%emt 0:00:12]} Nc6 {[%emt 0:00:06]} 3. d4 {[%emt 0:00:10]} exd4 {[%emt 0:00:05]} 4. Bc4 {[%emt 0:00:07]} Nf6 {[%emt 0:00:25]} 5. e5 {[%emt 0:00:19]} d5 {[%emt 0:00:06]} 6. Bb5 {[%emt 0:00:32]} Ne4 {[%emt 0:00:08]} 7. Nxd4 {[%emt 0:01:03]} Bc5 {[%emt 0:00:06]} 8. O-O {[%emt 0:04:25]} O-O {[%emt 0:00:11]} 9. Bxc6 {[%emt 0:02:59]} bxc6 {[%emt 0:02:28]} 10. b4 $6 {[%emt 0:12:00]} (10. Be3) (10. Be3) (10. f3) 10... Bb6 {[%emt 0:02:00] (Black is already better.)} 11. Bb2 {[%emt 0:02:31]} Qe8 {[%emt 0:12:12]} 12. f3 {[%emt 0:05:54]} f6 {[%emt 0:06:00]} 13. exf6 {[%emt 0:04:13]} Nxf6 {[%emt 0:00:31]} 14. Re1 {[%emt 0:01:02]} Qg6 {[%emt 0:00:52]} 15. Kh1 {[%emt 0:03:08]} Nh5 {[%emt 0:15:20]} 16. Qd3 {[%emt 0:09:20]} Qg5 {[%emt 0:05:51]} 17. Nd2 {[%emt 0:08:49]} Nf4 {[%emt 0:03:47]} 18. Qf1 {[%emt 0:01:08]} Ba6 {[%emt 0:01:45]} 19. Qf2 {[%emt 0:08:27]} Rae8 {[%emt 0:02:17]} 20. a4 {[%emt 0:06:36]} c5 {[%emt 0:17:59]} 21. a5 {[%emt 0:03:47]} cxd4 {[%emt 0:00:05]} 22. axb6 {[%emt 0:00:10]} axb6 {[%emt 0:04:05]} 23. Bxd4 {[%emt 0:02:12]} Ne2 {[%emt 0:01:19]} 24. Nb3 {[%emt 0:04:35]} Bc4 {[%emt 0:00:15]} 25. Rad1 {[%emt 0:00:45]} Re7 {[%emt 0:06:54]} 26. Nc1 {[%emt 0:02:40]} Rfe8 {[%emt 0:00:42]} 27. Bb2 {[%emt 0:02:31]} h5 {[%emt 0:02:19]} 28. Nd3 {[%emt 0:01:18]} Bxd3 {[%emt 0:00:33]} 29. cxd3 {[%emt 0:00:07]} h4 {[%emt 0:01:23]} 30. Bc1 {[%emt 0:00:50]} Nxc1 {[%emt 0:01:31]} 31. Rxc1 {[%emt 0:00:10]} Re2 {[%emt 0:00:14]} 32. f4 {[%emt 0:01:58]} Qxf4 {[%emt 0:01:00]} 33. Qxf4 {[%emt 0:00:28]} Rxe1+ {[%emt 0:00:04]} 34. Qf1 {[%emt 0:00:05]} Rxf1+ {[%emt 0:00:06]} 35. Rxf1 {[%emt 0:00:04]} Re3 {[%emt 0:00:59]} 36. Rd1 {[%emt 0:00:09]} Kf7 {[%emt 0:00:40]} 37. Kg1 {[%emt 0:00:06]} Ke6 {[%emt 0:00:13]} 38. Kf2 {[%emt 0:00:43]} d4 {[%emt 0:00:11]} 39. Rc1 {[%emt 0:01:19]} Kd6 {[%emt 0:04:10]} 40. b5 {[%emt 0:00:20]} Rxd3 {[%emt 0:00:59]} 41. Rc6+ {[%emt 0:00:40]} Kd7 {[%emt 0:00:36]} 42. Rg6 {[%emt 0:00:08]} Rb3 {[%emt 0:00:25]} 43. Rxg7+ {[%emt 0:00:05]} Kd6 {[%emt 0:00:04]} 44. Rg6+ {[%emt 0:00:08]} Ke5 {[%emt 0:00:49]} 45. Rg7 {[%emt 0:00:17]} Ke4 {[%emt 0:00:15]} 46. Re7+ {[%emt 0:00:17]} Kd3 {[%emt 0:00:15]} 47. Rxc7 {[%emt 0:00:03]} Rxb5 {[%emt 0:00:15]} 48. g4 {[%emt 0:00:25]} hxg3+ {[%emt 0:00:16]} 49. hxg3 {[%emt 0:00:04]} Rf5+ {[%emt 0:02:13]} 50. Ke1 {[%emt 0:00:07]} b5 {[%emt 0:00:08]} 51. g4 {[%emt 0:00:03]} Rg5 {[%emt 0:00:06]} 52. Rb7 {[%emt 0:00:04]} Kc4 {[%emt 0:02:19]} 53. Rc7+ {[%emt 0:00:09]} Kb4 {[%emt 0:00:05]} 54. Kd2 {[%emt 0:00:07]} Rxg4 {[%emt 0:00:05]} 55. Kd3 {[%emt 0:00:05]} Kb3 {[%emt 0:00:21]} 56. Rb7 {[%emt 0:00:11]} b4 {[%emt 0:00:07]} 57. Rb8 {[%emt 0:00:02]} Rg3+ {[%emt 0:02:38]} 58. Kxd4 {[%emt 0:01:25]} Ka3 {[%emt 0:00:04]} 59. Ra8+ {[%emt 0:01:15]} Kb2 {[%emt 0:00:07]} 60. Kc4 {[%emt 0:00:11]} b3 {[%emt 0:00:09]} 61. Rh8 {[%emt 0:01:02]} Ka2 {[%emt 0:00:14]} 62. Ra8+ {[%emt 0:00:34]} Kb1 {[%emt 0:00:05]} 63. Rb8 {[%emt 0:00:41]} b2 {[%emt 0:00:06]} 64. Kd4 {[%emt 0:00:04]} Ra3 {[%emt 0:00:28]} 65. Rh8 {[%emt 0:00:16]} Ka1 {[%emt 0:00:06]} 66. Rh1+ {[%emt 0:00:04]} b1=Q {[%emt 0:00:05]} 67. Rxb1+ {[%emt 0:00:06]} Kxb1 {[%emt 0:00:03]} 68. Kc4 {[%emt 0:00:08]} Kb2 {[%emt 0:00:11]} 69. Kc5 {[%emt 0:00:03]} Kc3 {[%emt 0:00:06]} 70. Kc6 {[%emt 0:00:13]} Kc4 {[%emt 0:00:06]} 71. Kc7 {[%emt 0:00:04]} Kc5 {[%emt 0:00:04]} 72. Kb8 {[%emt 0:00:03]} Kc6 {[%emt 0:00:04]} 73. Kc8 {[%emt 0:00:07]} Ra8# {[%emt 0:00:03]} 0-1

[Event "2nd Silman TNM: 2000+"]
[Site "San Francisco"]
[Date "2025.05.06"]
[Round "1.4"]
[White "Coyne, Theodore James"]
[Black "Walder, Michael"]
[Result "1-0"]
[WhiteElo "2263"]
[BlackElo "2012"]
[PlyCount "57"]
[Beauty "8246739865606"]
[GameId "2174807939756140"]
[EventDate "2025.??.??"]

{[%evp 0,40,22,10,11,15,31,15,38,35,28,32,5,45,30,39,47,34,38,31,47,47,60,61,83,84,12,75,45,62,51,53,50,96,65,112,108,113,116,116,362,253,297]} 1. d4 {[%emt 0:00:02]} Nf6 {[%emt 0:00:28]} 2. c4 {[%emt 0:00:05]} g6 {[%emt 0:02:17]} 3. Nc3 {[%emt 0:00:08]} Bg7 {[%emt 0:00:12]} 4. e4 {[%emt 0:00:06]} d6 {[%emt 0:00:05]} 5. Be2 {[%emt 0:02:02]} O-O {[%emt 0:01:00]} 6. Be3 {[%emt 0:00:04]} e5 {[%emt 0:02:04]} 7. d5 {[%emt 0:00:22]} c6 {[%emt 0:00:39]} 8. h4 {[%emt 0:03:05]} h5 {[%emt 0:00:53]} 9. f3 {[%emt 0:00:22]} a5 {[%emt 0:07:34]} 10. Qd2 {[%emt 0:10:26]} a4 {[%emt 0:08:55]} 11. Nh3 {[%emt 0:05:41]} Qa5 {[%emt 0:09:27]} 12. Nf2 {[%emt 0:05:37]} cxd5 {[%emt 0:12:59]} 13. cxd5 {[%emt 0:13:03]} Bd7 {[%emt 0:02:48]} 14. Nd3 {[%emt 0:03:00]} Na6 {[%emt 0:05:52]} 15. O-O {[%emt 0:01:49]} b5 {[%emt 0:05:02]} 16. b4 {[%emt 0:07:19]} Nxb4 {[%emt 0:03:24]} 17. Nxb4 {[%emt 0:00:33]} Qxb4 {[%emt 0:00:09]} 18. Rab1 {[%emt 0:00:32]} Qa5 {[%emt 0:08:17]} 19. Nxb5 {[%emt 0:00:42]} Rfc8 {[%emt 0:08:23]} 20. Qxa5 {[%emt 0:02:52]} Rxa5 {[%emt 0:00:06]} 21. Rfc1 {[%emt 0:09:39]} Rxc1+ {[%emt 0:05:15]} 22. Bxc1 {[%emt 0:00:05]} Ne8 {[%emt 0:00:31]} 23. Na3 {[%emt 0:05:35]} Rc5 {[%emt 0:04:01]} 24. Nc4 {[%emt 0:01:46]} Bb5 {[%emt 0:08:27]} 25. Rb4 {[%emt 0:00:08]} Bf8 {[%emt 0:00:39]} 26. Be3 {[%emt 0:00:38]} Bxc4 {[%emt 0:00:09]} 27. Bxc4 {[%emt 0:00:35]} Ra5 {[%emt 0:00:40]} 28. Rb8 {[%emt 0:00:28]} Nf6 {[%emt 0:00:21]} 29. Bb6 {[%emt 0:00:10]} 1-0

[Event "2nd Silman TNM: 2000+"]
[Site "San Francisco"]
[Date "2025.05.06"]
[Round "1.5"]
[White "Mercado, Adam"]
[Black "Tsodikova, Natalya"]
[Result "0-1"]
[WhiteElo "1958"]
[BlackElo "2246"]
[PlyCount "92"]
[Beauty "7217445078043"]
[GameId "2174807965212805"]
[EventDate "2025.??.??"]

{[%evp 0,32,21,23,18,8,24,24,8,-12,28,2,2,2,2,2,6,0,2,3,17,-21,-20,-42,-25,-45,161,-101,-72,-117,-117,-122,-18,14,75]} 1. e4 {[%emt 0:00:04]} e5 {[%emt 0:00:19]} 2. Nf3 {[%emt 0:00:10]} Nc6 {[%emt 0:00:07]} 3. d4 {[%emt 0:00:09]} exd4 {[%emt 0:00:41]} 4. Bc4 {[%emt 0:00:14]} Bc5 {[%emt 0:00:37]} 5. c3 {[%emt 0:00:13]} Nf6 {[%emt 0:00:24]} 6. e5 {[%emt 0:00:16]} d5 {[%emt 0:00:23]} 7. Bb5 {[%emt 0:00:08]} Ne4 {[%emt 0:00:32]} 8. cxd4 {[%emt 0:00:11]} Bb6 {[%emt 0:01:13]} 9. Be3 {[%emt 0:01:50]} O-O {[%emt 0:01:10]} 10. Bxc6 {[%emt 0:03:37]} bxc6 {[%emt 0:00:08]} 11. Qc1 {[%emt 0:00:52]} Qe8 {[%emt 0:16:57]} 12. O-O {[%emt 0:01:09]} f6 {[%emt 0:03:16]} 13. Nbd2 {[%emt 0:16:05]} Nxd2 {[%emt 0:02:01]} 14. Nxd2 {[%emt 0:08:22]} fxe5 {[%emt 0:02:32]} 15. dxe5 {[%emt 0:00:07]} Bxe3 {[%emt 0:07:50]} 16. fxe3 {[%emt 0:00:15]} Qxe5 {[%emt 0:06:42]} 17. Rxf8+ Kxf8 {[%emt 0:05:55]} 18. Qxc6 {[%emt 0:00:13]} Rb8 {[%emt 0:02:45]} 19. Rf1+ {[%emt 0:05:20]} Kg8 {[%emt 0:00:37]} 20. Qc5 {[%emt 0:02:52]} Bd7 {[%emt 0:04:04]} 21. Nc4 {[%emt 0:00:48]} Qe6 {[%emt 0:01:07]} 22. Qxc7 {[%emt 0:08:55]} Rc8 {[%emt 0:02:33]} 23. Qxa7 {[%emt 0:01:38]} dxc4 {[%emt 0:02:49]} 24. h3 {[%emt 0:01:55]} Bc6 {[%emt 0:02:38]} 25. Rf2 {[%emt 0:01:18]} h6 {[%emt 0:00:43]} 26. a3 {[%emt 0:02:18]} Rd8 {[%emt 0:01:11]} 27. Qc5 {[%emt 0:03:47]} Qe4 {[%emt 0:09:14]} 28. Rf3 {[%emt 0:04:40]} Rd2 {[%emt 0:07:06]} 29. Qf8+ {[%emt 0:01:31]} Kh7 {[%emt 0:00:03]} 30. Rf2 {[%emt 0:00:12]} Rxf2 {[%emt 0:04:37]} 31. Qxf2 Ba4 {[%emt 0:01:20]} 32. Kh1 {[%emt 0:02:14]} Qb1+ {[%emt 0:02:32]} 33. Kh2 {[%emt 0:00:06]} Bc2 {[%emt 0:00:18]} 34. Qf4 {[%emt 0:00:20]} Be4 {[%emt 0:04:10]} 35. Kg3 {[%emt 0:01:22]} Qc2 {[%emt 0:01:55]} 36. Qf2 {[%emt 0:00:08]} Qxf2+ {[%emt 0:00:28]} 37. Kxf2 {[%emt 0:00:06]} Kg6 {[%emt 0:00:13]} 38. g4 {[%emt 0:00:14]} Kf6 {[%emt 0:00:13]} 39. h4 {[%emt 0:00:57]} g5 {[%emt 0:00:14]} 40. hxg5+ {[%emt 0:01:09]} hxg5 {[%emt 0:00:06]} 41. Ke2 {[%emt 0:00:21]} Ke5 {[%emt 0:00:20]} 42. Kf2 {[%emt 0:01:12]} Kd5 {[%emt 0:00:23]} 43. Ke2 {[%emt 0:00:06]} Kc5 {[%emt 0:00:10]} 44. Kf2 {[%emt 0:00:09]} Kb5 {[%emt 0:00:11]} 45. Ke2 {[%emt 0:00:20]} Ka4 {[%emt 0:00:10]} 46. Kd2 {[%emt 0:00:13]} Kb3 {[%emt 0:00:10]} 0-1